Statistics for Minecraft End Mobs, Blocks, and Biomes

Click here to take the quiz!

General Stats

  • This quiz has been taken 24 times
  • The average score is 14 of 27

Answer Stats

HintAnswer% Correct
MobsEnderman
100%
BiomesThe End
100%
MobsEnder Dragon
96%
MobsShulker
91%
BlocksEndstone
83%
BlocksPurpur
83%
BlocksObsidian
78%
BlocksPurpur Slab
65%
EntitiesEnd Crystal
61%
BlocksEnd Stone Brick
61%
BlocksPurpur Stair
57%
BlocksChest
48%
BlocksEnder Chest
48%
EntitiesItem Frame
48%
BlocksPurpur Pillar
48%
BlocksEnd Rod
43%
BlocksChorus Flower
39%
BlocksChorus Plant
39%
BlocksDragon Head
39%
BlocksLadder
30%
BlocksBanner
26%
BiomesEnd Highland
22%
BiomesEnd Midland
22%
BlocksIron Bars
22%
BlocksMagenta Stained
Glass
17%
BiomesEnd Barrens
13%
BiomesSmall End Islands
13%

Score Distribution

Percentile by Number Answered

Percent of People with Each Score

Your Score History

You have not taken this quiz